Jak na marketingovou komunikaci
Salvato in:
| Autore principale: | |
|---|---|
| Natura: | Libro |
| Lingua: | ceco |
| Pubblicazione: |
Praha
Grada Publishing
2023
|
| Edizione: | 1. vydání |
| Soggetti: | |
| Tags: |
Nessun Tag, puoi essere il primo ad aggiungerne!!
|
MARC
| LEADER | 00000nam a2200000 4500 | ||
|---|---|---|---|
| 001 | 0295537 | ||
| 005 | 20240416114209.8 | ||
| 020 | |a 978-80-271-5013-7 | ||
| 041 | 0 | |a cze | |
| 044 | |a CZ | ||
| 245 | 1 | 0 | |a Jak na marketingovou komunikaci |c Miroslav Karlíček |
| 250 | |a 1. vydání | ||
| 264 | 1 | |a Praha |b Grada Publishing |c 2023 | |
| 300 | |a 272 s. | ||
| 610 | 2 | 0 | |a marketing |
| 610 | 2 | 0 | |a komunikácia marketingová |
| 610 | 2 | 0 | |a reklama |
| 610 | 2 | 0 | |a marketing priamy |
| 610 | 2 | 0 | |a podpora predaja |
| 610 | 2 | 0 | |a sponzorovanie |
| 610 | 2 | 0 | |a vzťahy s verejnosťou |
| 610 | 2 | 0 | |a médiá sociálne |
| 610 | 2 | 0 | |a predaj priamy |
| 610 | 2 | 0 | |a veľtrhy |
| 610 | 2 | 0 | |a agentúry |
| 100 | 1 | |a Karlíček, Miroslav | |